Précis de versification : Avec exercices corrigés (notice n° 2197500)
[ vue normale ]
| 000 -LEADER | |
|---|---|
| fixed length control field | 00884cam a2200133 4500500 |
| 005 - DATE AND TIME OF LATEST TRANSACTION | |
| control field | 20260405085427.0 |
| 041 ## - LANGUAGE CODE | |
| Language code of text/sound track or separate title | fre |
| 042 ## - AUTHENTICATION CODE | |
| Authentication code | dc |
| 100 10 - MAIN ENTRY--PERSONAL NAME | |
| Personal name | Buffard-Moret, Brigitte |
| Relator term | author |
| 245 00 - TITLE STATEMENT | |
| Title | Précis de versification : Avec exercices corrigés |
| 260 ## - PUBLICATION, DISTRIBUTION, ETC. | |
| Name of publisher, distributor, etc. | Armand Colin,<br/> |
| Date of publication, distribution, etc. | 2023.<br/> |
| 520 ## - SUMMARY, ETC. | |
| Summary, etc. | Cet ouvrage présente un panorama descriptif des règles de versification, illustré de nombreux exemples commentés dans une perspective littéraire. Il propose aussi un historique de la poésie française, rendant compte de l'évolution des pratiques métriques, de l'époque médiévale jusqu'à nos jours. Tout un chapitre est consacré à la chanson populaire française. Des exercices de versification ponctuent l'ouvrage, accompagnés de leur corrigé. |
| 856 41 - ELECTRONIC LOCATION AND ACCESS | |
| Uniform Resource Identifier | <a href="https://shs.cairn.info/precis-de-versification--9782200635329?lang=fr&redirect-ssocas=7080">https://shs.cairn.info/precis-de-versification--9782200635329?lang=fr&redirect-ssocas=7080</a> |
Pas d'exemplaire disponible.




Réseaux sociaux